A monographic study of the North America species of the genus deltocephalus / (Record no. 201046)
[ view plain ]
| 000 -CABECERA | |
|---|---|
| campo de control de longitud fija | 00931nam a2200277Ia 4500 |
| 001 - NÚMERO DE CONTROL | |
| campo de control | Para_2531 |
| 003 - IDENTIFICADOR DEL NÚMERO DE CONTROL | |
| campo de control | CHAP |
| 008 - DATOS DE LONGITUD FIJA--INFORMACIÓN GENERAL | |
| campo de control de longitud fija | 220125s1926 xx 000 0 und d |
| 010 ## - NÚMERO DE CONTROL DE LA BIBLIOTECA DEL CONGRESO | |
| Número de control de LC | 201046 |
| 040 ## - FUENTE DE LA CATALOGACIÓN | |
| Centro/agencia transcriptor | CHAP |
| 082 ## - NÚMERO DE LA CLASIFICACIÓN DECIMAL DEWEY | |
| Número de clasificación | PA-C 595.75 H4 |
| 100 ## - ENTRADA PRINCIPAL--NOMBRE DE PERSONA | |
| Nombre de persona | De Long, Dwight Moore |
| 9 (RLIN) | 165905 |
| 245 ## - MENCIÓN DE TÍTULO | |
| Título | A monographic study of the North America species of the genus deltocephalus / |
| Mención de responsabilidad, etc. | by Dwight Moore De Long |
| 300 ## - DESCRIPCIÓN FÍSICA | |
| Extensión | 129 p. |
| 440 ## - MENCIÓN DE SERIE/PUNTO DE ACCESO ADICIONAL--TÍTULO | |
| Título | Hemiptera ; 5 |
| 9 (RLIN) | 165906 |
| 500 ## - NOTA GENERAL | |
| Nota general | Sobretiro de : Contributions in Zoology and Entomology (3) : 1-129, 1926 Enc. con otros impresos similares |
| 650 ## - PUNTO DE ACCESO ADICIONAL DE MATERIA--TÉRMINO DE MATERIA | |
| Término de materia o nombre geográfico como elemento de entrada | Hemípteros |
| Subdivisión general | colecciones de escritos |
| 9 (RLIN) | 165786 |
| 650 ## - PUNTO DE ACCESO ADICIONAL DE MATERIA--TÉRMINO DE MATERIA | |
| Término de materia o nombre geográfico como elemento de entrada | Hemípteros |
| Subdivisión general | E.U.A. |
| 9 (RLIN) | 165907 |
| 901 ## - ELEMENTOS DE DATOS A LOCAL LDA (RLIN) | |
| a | PA-C 595.75 H4 |
| 902 ## - ELEMENTOS DE DATOS B LOCAL, LDB (RLIN) | |
| a | A |
| 905 ## - ELEMENTOS DE DATOS E LOCAL, LDE (RLIN) | |
| a | 0000001926 WAS 0000000000 00 |
| 910 ## - DATOS DE OPCIÓN DEL USUARIO (OCLC) | |
| Datos de opción del usuario | 1926 |
| 942 ## - ELEMENTOS DE PUNTO DE ACCESO ADICIONAL (KOHA) | |
| Tipo de ítem Koha | Parasitologia_ |
| 942 ## - ELEMENTOS DE PUNTO DE ACCESO ADICIONAL (KOHA) | |
| Tipo de ítem Koha | Parasitologia_ |
| -- | 1 |
| Estado de retiro | Estado de pérdida | Fuente del sistema de clasificación o colocación | Estado dañado | Restricciones de uso | No para préstamo | Código de colección | Localización permanente | Ubicación/localización actual | Ubicación en estantería | Fecha de adquisición | Información codificada de la localización en otra ubicación | Enumeración/cronología de publicación seriada | Total de préstamos | Código de barras | Fecha visto por última vez | Precio válido a partir de | Tipo de ítem Koha | Nota pública |
|---|---|---|---|---|---|---|---|---|---|---|---|---|---|---|---|---|---|---|
| Dewey Decimal Classification | Préstamo interno | Consulta | Parasitologia Agricola | Parasitologia Agricola | 27/10/2005 | PARA | Volumen: 5 | PA_5315-2 | 25/01/2022 | 25/01/2022 | Libro | 3 |
